| 000 | 01676nam a2200445 c 4500 | ||
|---|---|---|---|
| 001 | 14087 | ||
| 003 | ES-MaCES | ||
| 005 | 20150925135352.0 | ||
| 008 | 020920s2001 sp a t o000 | spa d | ||
| 017 |
_aM 49062-2001 _bDL |
||
| 020 | _a8483201747 | ||
| 024 | 7 |
_a310-01-028-6 _2nipo |
|
| 035 | _aCES20020012070m | ||
| 040 |
_aES-MaCES _bspa _cES-MaCES |
||
| 245 | 0 | 0 |
_aMedio ambiente en España 2000 _c[coordinación general, Dirección General de Calidad y Evaluación Ambiental, Subdirección General de Cooperación Institucional y Políticas Sectoriales] |
| 260 |
_a[Madrid] _bCentro de Publicaciones, Ministerio de Medio Ambiente _c2001 |
||
| 300 |
_a407 p. _bil. col. _c30 cm |
||
| 490 | 1 | _aSerie Memorias | |
| 504 | _aBibliografía: p. 359-383 | ||
| 541 | _cCompra | ||
| 650 | 4 |
_apolítica ambiental _929422 |
|
| 650 | 4 |
_aprotección ambiental _929423 |
|
| 650 | 4 |
_aacuerdo internacional _926683 |
|
| 650 | 4 |
_aorganización internacional _926700 |
|
| 650 | 4 |
_aEspaña _926964 |
|
| 650 | 4 |
_a2000 _930991 |
|
| 650 | 4 |
_alegislación _927153 |
|
| 650 | 4 |
_ainforme _928986 |
|
| 653 | 1 | 0 | _aMedio ambiente |
| 650 | 4 |
_930344 _aevaluación del impacto ambiental |
|
| 650 | 4 |
_928715 _amedio ambiente |
|
| 710 | 1 |
_aEspaña _bDirección General de Calidad y Evaluación Ambiental _ecol. _92779 |
|
| 710 | 1 |
_aEspaña _bMinisterio de Medio Ambiente _eed. _93259 |
|
| 787 | 0 |
_tMedio ambiente en España 2001 _w(ES-MaCES)15373 |
|
| 787 | 0 |
_tMedio ambiente en España 1999 _w(ES-MaCES)11899 |
|
| 830 | 0 |
_aMemorias (España. Ministerio de Medio Ambiente) _933136 |
|
| 902 | _aLIB Libro | ||
| 942 |
_2CES _cBK _h4.2. |
||
| 999 |
_c14087 _d14087 |
||